000 00206 a2200097 4500
001 59998
100 _a
245 _aManual of Pakistan Military Law
260 _a
_b
_c1987
090 _c36825
_d36825
942 _aNUST-CAE
_cMONOGRAPH
_c29808
999 _c295071
_d295071